Historic County Towns of Wales - Statistics

General Stats
  • This quiz has been taken 37 times
  • The average score is 8 of 13
Answer Stats
County Answer % Correct
Glamorgan Cardiff
97%
Cardiganshire Cardigan
94%
Carmarthenshire Carmarthen
91%
Caernarfonshire Caernarfon
85%
Monmouthshire Monmouth
85%
Brecknockshire Brecon
67%
Flintshire Mold
55%
Montgomeryshire Welshpool
52%
Denbighshire Ruthin
45%
Pembrokeshire Haverfordwest
42%
Merionethshire Dolgellau
27%
Anglessey Beaumaris
24%
Radnorshire Presteigne
18%
No matching quizzes found
Score Distribution
Percent of People with Each Score
Percentile by Number Answered
Your Score History
You have not taken this quiz